000 01099nam a2200301Ia 4500
001 34397
003 IT-RoPAU
008 130308s9999 xx 000 0 und d
040 _aIT-RoPAU
040 _cIT-RoPAU
041 _aITALIANO
100 _aNappi Francesco Maria
100 _gCodice Aut. SPICS: 15274
245 _aTempo e figurazione ritmica del film
245 _bTempo e figurazione ritmica del Film
250 _a1a ed.
260 _aCOSENZA
260 _bPellegrini
260 _c1985 [1° Ed.:1985 - Ed.Ling.Originale:1985]
300 _a"108 p. (prefazione: no ; testo: 108)"
500 _aOggetto immagine Tempo Musicalità dell'Immagine ritmo ed Espressione ritmo Biologico e Artistico Forma Ritmata Struttura e figurazione ritmica del Film presente variabile e totalità piano figurazione ritmica Come Parola Ripetizione e variazione Considerazioni su Prenom Carmen di Jean Luc Godard Oggetto Modo Ordine Disordine Istante
650 _aSAGGI SUL CINEMA
650 _eCodice materia Spics: 6811
942 _cBK
957 _71
999 _c72634
_d72634
999 _bSI
999 _g1